MARC details
| 000 -LEADER |
| fixed length control field |
01249cam a2200361Mi 4500 |
| 001 - CONTROL NUMBER |
| control field |
on1429720390 |
| 003 - CONTROL NUMBER IDENTIFIER |
| control field |
OCoLC |
| 005 - DATE AND TIME OF LATEST TRANSACTION |
| control field |
20240620195750.0 |
| 006 - FIXED-LENGTH DATA ELEMENTS--ADDITIONAL MATERIAL CHARACTERISTICS |
| fixed length control field |
m o d |
| 007 - PHYSICAL DESCRIPTION FIXED FIELD--GENERAL INFORMATION |
| fixed length control field |
cr |n||||||||| |
| 008 - FIXED-LENGTH DATA ELEMENTS--GENERAL INFORMATION |
| fixed length control field |
240414s2024 xx o 0|| 0 eng d |
| 040 ## - CATALOGING SOURCE |
| Original cataloging agency |
YDX |
| Language of cataloging |
eng |
| Description conventions |
rda |
| Transcribing agency |
YDX |
| Modifying agency |
JSTOR |
| -- |
EBLCP |
| -- |
OCLCO |
| 020 ## - INTERNATIONAL STANDARD BOOK NUMBER |
| International Standard Book Number |
9789048564569 |
| Qualifying information |
(electronic bk.) |
| 020 ## - INTERNATIONAL STANDARD BOOK NUMBER |
| International Standard Book Number |
9048564565 |
| Qualifying information |
(electronic bk.) |
| 020 ## - INTERNATIONAL STANDARD BOOK NUMBER |
| Canceled/invalid ISBN |
9048564557 |
| 020 ## - INTERNATIONAL STANDARD BOOK NUMBER |
| Canceled/invalid ISBN |
9789048564552 |
| 035 ## - SYSTEM CONTROL NUMBER |
| System control number |
(OCoLC)1429720390 |
| Canceled/invalid control number |
(OCoLC)1430665265 |
| 037 ## - SOURCE OF ACQUISITION |
| Stock number |
22573/cats13680719 |
| Source of stock number/acquisition |
JSTOR |
| 050 #4 - LIBRARY OF CONGRESS CALL NUMBER |
| Classification number |
HM846 |
| 245 00 - TITLE STATEMENT |
| Title |
Technics |
| Medium |
[electronic resource] : |
| Remainder of title |
media in the digital age. |
| 264 #1 - PRODUCTION, PUBLICATION, DISTRIBUTION, MANUFACTURE, AND COPYRIGHT NOTICE |
| Place of production, publication, distribution, manufacture |
[S.l.] : |
| Name of producer, publisher, distributor, manufacturer |
AMSTERDAM UNIVERSITY PRES, |
| Date of production, publication, distribution, manufacture, or copyright notice |
2024. |
| 300 ## - PHYSICAL DESCRIPTION |
| Extent |
1 online resource |
| 590 ## - LOCAL NOTE (RLIN) |
| Local note |
JSTOR |
| Provenance (VM) [OBSOLETE] |
Books at JSTOR Open Access |
| 650 #0 - SUBJECT ADDED ENTRY--TOPICAL TERM |
| Topical term or geographic name entry element |
Technological innovations |
| General subdivision |
Social aspects. |
| 650 #0 - SUBJECT ADDED ENTRY--TOPICAL TERM |
| Topical term or geographic name entry element |
Digital media. |
| Authority record control number or standard number |
http://id.loc.gov/authorities/subjects/sh98006600 |
| 650 #0 - SUBJECT ADDED ENTRY--TOPICAL TERM |
| Topical term or geographic name entry element |
Mass media and technology. |
| Authority record control number or standard number |
http://id.loc.gov/authorities/subjects/sh90000948 |
| 650 #6 - SUBJECT ADDED ENTRY--TOPICAL TERM |
| Topical term or geographic name entry element |
Innovations |
| General subdivision |
Aspect social. |
| 650 #6 - SUBJECT ADDED ENTRY--TOPICAL TERM |
| Topical term or geographic name entry element |
Médias et technologie. |
| 655 #0 - INDEX TERM--GENRE/FORM |
| Genre/form data or focus term |
Electronic books. |
| 856 40 - ELECTRONIC LOCATION AND ACCESS |
| Uniform Resource Identifier |
<a href="https://www.jstor.org/stable/10.2307/jj.13703101">https://www.jstor.org/stable/10.2307/jj.13703101</a> |
| 942 ## - ADDED ENTRY ELEMENTS (KOHA) |
| Koha item type |
E-Book |
| 994 ## - |
| -- |
92 |
| -- |
PHURS |